Kabale University Library Catalogue

Introduction to behavioral genetics (Record no. 5896)

MARC details
000 -LEADER
fixed length control field 00785pam a2200241 4500
003 - CONTROL NUMBER IDENTIFIER
control field OSt
005 - DATE AND TIME OF LATEST TRANSACTION
control field 20260129113229.0
008 - FIXED-LENGTH DATA ELEMENTS--GENERAL INFORMATION
fixed length control field 730523s1973 caua b 001 0 eng
020 ## - INTERNATIONAL STANDARD BOOK NUMBER
International Standard Book Number 0716708353
020 ## - INTERNATIONAL STANDARD BOOK NUMBER
International Standard Book Number 9780716708353
040 ## - CATALOGING SOURCE
Original cataloging agency KABLIB
Transcribing agency KABLIB
Language of cataloging eng.
Description conventions rda
082 00 - DEWEY DECIMAL CLASSIFICATION NUMBER
Classification number 591.15
Edition number 23
Item number MCC
100 1# - MAIN ENTRY--PERSONAL NAME
Personal name McClearn, G. E.,
Dates associated with a name 1927-
9 (RLIN) 14872
245 10 - TITLE STATEMENT
Title Introduction to behavioral genetics
Statement of responsibility, etc. [by] G. E. McClearn [and] J. C. DeFries.
260 ## - PUBLICATION, DISTRIBUTION, ETC.
Place of publication, distribution, etc. San Francisco,
Name of publisher, distributor, etc. W. H. Freeman
Date of publication, distribution, etc. c1973
300 ## - PHYSICAL DESCRIPTION
Extent vi, 349 p.
Other physical details illus.
Dimensions 24 cm.
490 0# - SERIES STATEMENT
Series statement A series of books in psychology
504 ## - BIBLIOGRAPHY, ETC. NOTE
Bibliography, etc. note Bibliography: p. [314]-335.
650 #0 - SUBJECT ADDED ENTRY--TOPICAL TERM
Topical term or geographic name entry element Behavior genetics.
9 (RLIN) 14873
650 #2 - SUBJECT ADDED ENTRY--TOPICAL TERM
Topical term or geographic name entry element Genetics, Behavioral.
9 (RLIN) 14874
700 1# - ADDED ENTRY--PERSONAL NAME
Personal name DeFries, J. C.,
Dates associated with a name 1934-
Relator term joint author.
9 (RLIN) 14875
942 ## - ADDED ENTRY ELEMENTS (KOHA)
Source of classification or shelving scheme Dewey Decimal Classification
Koha item type Book
Holdings
Withdrawn status Lost status Source of classification or shelving scheme Damaged status Not for loan Home library Current library Shelving location Date acquired Source of acquisition Total Checkouts Full call number Barcode Date last seen Price effective from Koha item type
    Dewey Decimal Classification     Education Library Education Library Open Access Section 29.01.2026 donation   591.15 MCG 14422 29.01.2026 29.01.2026 Book

Kabale University Library | Kabale University P.O Box 317, Kabale, Uganda
Tel : +256754017033, +256774661503 E-mail : library@kab.ac.ug